000
00276nam a22001217a 4500
040
_c
SCME
100
_a
Michael.F Ashby
_9
122448
245
_a
Materials Science in Mechanical Design
250
_a
5thed.
260
_a
US
_b
Elsvier
_c
2017
300
_a
646p.
942
_2
ddc
_c
BK
999
_c
608942
_d
608942